La Democràcia nacionalista de Catalunya / Jaume Carner ; edició a cura d'Alfred Pérez-Bastardes [i.e. Bastardas]
Descripción Física:
XXXV, 168 p. ; 20 cm
Otros Autores:
Pérez-Bastardas, Alfred, ed
Materias:
Nacionalisme -- Catalunya
MARC
| LEADER | 00000nam a2200000Ia 4500 | ||
|---|---|---|---|
| 001 | 1249 | ||
| 008 | 160829s1984 xx 000 0 cat d | ||
| 080 | |a M-2-230 | ||
| 100 | |a Carner, Jaume |9 33404 | ||
| 245 | |a La Democràcia nacionalista de Catalunya / Jaume Carner ; edició a cura d'Alfred Pérez-Bastardes [i.e. Bastardas] | ||
| 260 | |a Barcelona : |b La Magrana : |b Diputació de Barcelona, |c 1984 | ||
| 300 | |a XXXV, 168 p. ; |c 20 cm | ||
| 490 | |a Biblioteca dels clàssics del nacionalisme català ; 8 | ||
| 650 | 0 | |a Nacionalisme |z Catalunya |9 11008 | |
| 700 | |a Pérez-Bastardas, Alfred, ed. |9 33405 | ||
| 901 | |a Arxiu | ||
| 942 | |n 1 | ||
| 952 | |0 0 |1 0 |4 0 |6 M2230 |7 1 |9 46287 |a Arxiu |b Arxiu |d 2016-12-01 |l 0 |o M-2-230 |p 1249 |r 2016-12-01 00:00:00 |w 2016-12-01 |y ARXIU | ||
| 999 | |c 49792 |d 49792 | ||